[Event "BCF-chT2 1718 (4NCL) Demotion pool"]
[Site "England"]
[Date "2018.05.06"]
[Round "10.81"]
[White "Zeidler, Sven P"]
[Black "Brett, Andrew"]
[Result "1/2-1/2"]
[WhiteElo "2178"]
[BlackElo "2103"]
[PlyCount "83"]
[EventDate "2017.11.11"]
[EventType "team-tourn"]
[EventRounds "11"]
[EventCountry "ENG"]
[SourceTitle "EXT 2020"]
[Source "ChessBase"]
[SourceDate "2019.10.17"]
[SourceVersion "1"]
[SourceVersionDate "2019.10.17"]
[SourceQuality "1"]
[WhiteTeam "West is Best II"]
[BlackTeam "Barbican Youth"]
[WhiteTeamCountry "WLS"]
[BlackTeamCountry "ENG"]

1. e4 e5 2. Nf3 Nc6 3. c3 d5 4. Qa4 f6 5. Bb5 Nge7 6. exd5 Qxd5 7. d4 e4 8. c4 Qd8 9. Nfd2 Qxd4 10. Nc3 e3 11. Nf3 exf2+ 12. Kf1 Qd8 13. Nd5 Nxd5 14. Bxc6+ bxc6 15. Qxc6+ Kf7 16. Qxa8 Nb6 17. Qxa7 Qd1+ 18. Kxf2 Bc5+ 19. Kg3 h5 20. h4 Bd6+ 21. Kf2 Re8 22. Rf1 Qe2+ 23. Kg1 Bc5+ 24. Be3 Bxe3+ 25. Kh1 Qxc4 26. Qa5 Bg4 27. Ne5+ Rxe5 28. Qxe5 Nd5 29. b3 Qd3 30. Rae1 Qd2 31. Qe4 c6 32. Rc1 Ne7 33. Rc2 Qd4 34. Qxd4 Bxd4 35. a4 Nf5 36. Rxf5 Bxf5 37. Rxc6 Bd7 38. Rc4 Be5 39. a5 Bb8 40. Rb4 Bc7 41. Rd4 Be6 42. b4 1/2-1/2

[Event "WLS-ch 64th"]
[Site "Cardiff"]
[Date "2018.04.02"]
[Round "6"]
[White "Jameson, David"]
[Black "Zeidler, Sven P"]
[Result "1/2-1/2"]
[WhiteElo "2033"]
[BlackElo "2153"]
[PlyCount "70"]
[EventDate "2018.03.30"]
[EventType "swiss"]
[EventRounds "7"]
[EventCountry "WLS"]
[SourceTitle "CBM 183 Extra"]
[Source "ChessBase"]
[SourceDate "2018.04.19"]
[SourceVersion "1"]
[SourceVersionDate "2018.04.19"]
[SourceQuality "1"]

1. e4 d5 2. exd5 Qxd5 3. Nf3 Bg4 4. Be2 Nc6 5. d4 0-0-0 6. c4 Qf5 7. Be3 Nf6 8. Nc3 e5 9. d5 e4 10. Nd4 Nxd4 11. Bxd4 Bb4 12. 0-0 Bxc3 13. Bxc3 Rhe8 14. f3 exf3 15. Bxf3 Bxf3 16. Qxf3 Qxf3 17. Rxf3 Ne4 18. Bxg7 Rg8 19. Rf4 Ng5 20. h4 Nh3+ 21. gxh3 Rxg7+ 22. Rg4 Rxg4+ 23. hxg4 Rg8 24. g5 h6 25. Rf1 hxg5 26. Rxf7 gxh4+ 27. Kh2 Rg4 28. b3 Rd4 29. Kh3 Rd2 30. Kxh4 Rxa2 31. Kg4 a5 32. Rf3 Rc2 33. Kf5 Kd7 34. Ke5 Re2+ 35. Kd4 b6 1/2-1/2

[Event "WLS-ch 64th"]
[Site "Cardiff"]
[Date "2018.04.01"]
[Round "5"]
[White "Zeidler, Sven P"]
[Black "Rayner, Francis"]
[Result "1-0"]
[WhiteElo "2153"]
[BlackElo "2073"]
[PlyCount "95"]
[EventDate "2018.03.30"]
[EventType "swiss"]
[EventRounds "7"]
[EventCountry "WLS"]
[SourceTitle "CBM 183 Extra"]
[Source "ChessBase"]
[SourceDate "2018.04.19"]
[SourceVersion "1"]
[SourceVersionDate "2018.04.19"]
[SourceQuality "1"]

1. e4 c5 2. f4 d5 3. exd5 Nf6 4. Bb5+ Bd7 5. Bxd7+ Qxd7 6. c4 e6 7. Nf3 exd5 8. Ne5 Qd8 9. Qb3 Qb6 10. Nc3 Nc6 11. Qxb6 axb6 12. Nb5 Rc8 13. 0-0 Be7 14. Re1 0-0 15. d3 Rfe8 16. Bd2 Bf8 17. Re2 dxc4 18. dxc4 Ng4 19. Rae1 Ngxe5 20. fxe5 Re6 21. Bc3 h6 22. b3 g6 23. Rd2 Bg7 24. Rd6 Rce8 25. Nc7 Rxd6 26. Nxe8 Rd3 27. Ba1 Nd4 28. Bxd4 cxd4 29. e6 fxe6 30. Nxg7 Kxg7 31. Rxe6 Rd1+ 32. Kf2 Rd2+ 33. Kf3 Rxa2 34. Rxb6 d3 35. Rxb7+ Kf6 36. Rd7 d2 37. Ke2 Rb2 38. Kd1 Rxb3 39. Kc2 Rb6 40. Rxd2 Ke5 41. Kc3 g5 42. c5 Rb1 43. Kc4 Rc1+ 44. Kb5 Rb1+ 45. Kc6 h5 46. Kd7 Rb7+ 47. Kc8 Rb5 48. c6 1-0

[Event "WLS-ch 64th"]
[Site "Cardiff"]
[Date "2018.03.31"]
[Round "4"]
[White "Musson, Adam"]
[Black "Zeidler, Sven P"]
[Result "0-1"]
[WhiteElo "2050"]
[BlackElo "2153"]
[PlyCount "104"]
[EventDate "2018.03.30"]
[EventType "swiss"]
[EventRounds "7"]
[EventCountry "WLS"]
[SourceTitle "CBM 183 Extra"]
[Source "ChessBase"]
[SourceDate "2018.04.19"]
[SourceVersion "1"]
[SourceVersionDate "2018.04.19"]
[SourceQuality "1"]

1. d4 f5 2. Nf3 Nf6 3. g3 g6 4. Bg2 Bg7 5. 0-0 0-0 6. b3 Ne4 7. Bb2 Nc6 8. Nbd2 d5 9. Ne5 Nxe5 10. dxe5 c6 11. Nxe4 fxe4 12. c4 dxc4 13. Qc2 cxb3 14. Qxb3+ Qd5 15. Bxe4 Qxb3 16. axb3 Be6 17. Ra3 Rfd8 18. Bc3 a6 19. f4 Bd5 20. Bc2 c5 21. e4 Bc6 22. Rfa1 e6 23. Kf2 Bf8 24. Ra5 Bb5 25. Ke3 b6 26. R5a2 a5 27. g4 Ra7 28. Rd1 Rad7 29. Raa1 Bh6 30. Rxd7 Rxd7 31. Bxa5 bxa5 32. Rxa5 Rb7 33. Ra8+ Bf8 34. Rc8 Kf7 35. h4 Be7 36. g5 Ra7 37. f5 Bd7 38. Rb8 exf5 39. exf5 gxf5 40. Bd3 Be6 41. Kf4 Rd7 42. Be2 Rd4+ 43. Kg3 Rb4 44. Bh5+ Kg7 45. Re8 Rxb3+ 46. Kf4 Rb4+ 47. Kg3 Rb7 48. Bf3 Rc7 49. h5 c4 50. h6+ Kg6 51. Rxe7 Rxe7 52. Kh4 Kf7 0-1

[Event "WLS-ch 64th"]
[Site "Cardiff"]
[Date "2018.03.30"]
[Round "2"]
[White "Fathallah, Joe"]
[Black "Zeidler, Sven P"]
[Result "0-1"]
[WhiteElo "1977"]
[BlackElo "2153"]
[PlyCount "154"]
[EventDate "2018.03.30"]
[EventType "swiss"]
[EventRounds "7"]
[EventCountry "WLS"]
[SourceTitle "CBM 183 Extra"]
[Source "ChessBase"]
[SourceDate "2018.04.19"]
[SourceVersion "1"]
[SourceVersionDate "2018.04.19"]
[SourceQuality "1"]

1. d4 f5 2. g3 Nf6 3. Bg2 g6 4. Nf3 Bg7 5. 0-0 0-0 6. c4 d6 7. Nc3 c6 8. d5 e5 9. dxe6 Bxe6 10. b3 Na6 11. Bb2 Qe7 12. Ng5 Bc8 13. h4 Nh5 14. Bf3 Nxg3 15. fxg3 Qe3+ 16. Kg2 Bxc3 17. Bxc3 Qxc3 18. Qxd6 Qf6 19. Qxf6 Rxf6 20. Rad1 h6 21. Nh3 Nc5 22. Rd4 Ne6 23. Rd2 Kf7 24. Nf4 Ke7 25. Nxe6 Bxe6 26. Rfd1 g5 27. hxg5 hxg5 28. e3 Rh8 29. Rh1 Rxh1 30. Kxh1 Bf7 31. Kg2 Rd6 32. Rd4 Re6 33. Kf2 Re5 34. Rd2 Rc5 35. e4 fxe4 36. Bxe4 b5 37. cxb5 cxb5 38. Ke3 Rc3+ 39. Rd3 Rc1 40. Rd2 a5 41. Rc2 Re1+ 42. Re2 Ra1 43. Rd2 b4 44. Kd3 Kd6 45. Rc2 a4 46. bxa4 Bxa2 47. Rc6+ Kd7 48. Rb6 b3 49. a5 Bb1+ 50. Ke3 Bc2 51. a6 Re1+ 52. Kd2 Rxe4 53. Rb5 Ra4 54. Rxg5 Rxa6 55. Kc3 Rb6 56. Kb2 Ke7 57. g4 Kf7 58. Rc5 Rb4 59. Rg5 Rb6 60. Rc5 Kg6 61. Rc4 Kg5 62. Ra4 Rf6 63. Rb4 Rf4 64. Rb8 Kxg4 65. Rb7 Kf5 66. Rb8 Rc4 67. Rd8 Rb4 68. Rd7 Be4 69. Rd8 Ke5 70. Re8+ Kd4 71. Rh8 Bd5 72. Rh4+ Kc5 73. Rh7 Ra4 74. Rc7+ Kd4 75. Rd7 Ra2+ 76. Kb1 Rh2 77. Rd8 Kc3 0-1